000 00556cam a2200217 a 4500
003 MX-MxUPN
005 20250307063831.0
008 081007s1976 fr gr 000 0 spa d
020 _a9231012002
035 _aUPN01000162617
040 _aMX-MxUPN
_bspa
041 0 _aeng
050 4 _aBD638
_bC85 1976
245 0 0 _aCultures and time
260 _aParis :
_bUNESCO,
_c1976.
300 _a245 páginas
650 4 _aTiempo
_xHistoria
_917388
650 4 _aTiempo
_xFilosofía
_924842
902 _aVíctorGodínez/060325
942 _2lcc
_cLIBRO
999 _c134730
_d134730